Online
Catalog

Obtención y empleo de medios de enseñanza económicos y gratuitos / (Record no. 22835)

MARC details
000 -CABECERA
campo de control de longitud fija 01126nam a2200265 a 4500
001 - NÚMERO DE CONTROL
campo de control 000023338
005 - FECHA Y HORA DE LA ÚLTIMA TRANSACCIÓN
campo de control 20200930022141.0
008 - DATOS DE LONGITUD FIJA--INFORMACIÓN GENERAL
campo de control de longitud fija 101202s1968 mx 000 0 spa d
040 ## - FUENTE DE LA CATALOGACIÓN
Centro catalogador/agencia de origen DO-SdBNP
Lengua de catalogación spa
Centro/agencia transcriptor BNPHU
041 17 - CÓDIGO DE LENGUA
Código de lengua del texto/banda sonora o título independiente spa
Código de lengua original eng
Fuente del código Código de idiomas MARC
082 ## - NÚMERO DE LA CLASIFICACIÓN DECIMAL DEWEY
Número de clasificación 371.33
Número de documento/Ítem S296ó
049 ## - FONDOS LOCALES (OCLC)
Fondos de biblioteca BNGR
100 1# - ENTRADA PRINCIPAL--NOMBRE DE PERSONA
Nombre de persona Schain, Robert L.
9 (RLIN) 48071
240 10 - TÍTULO UNIFORME
Título uniforme Where to get and how to use free and inexpensive teaching aids.
Lenguaje de la obra Español
245 10 - MENCIÓN DE TÍTULO
Título Obtención y empleo de medios de enseñanza económicos y gratuitos /
Mención de responsabilidad, etc. Robert L. Schain y Murray Polner ; traducción Vicente Agut Armer.
260 ## - PUBLICACIÓN, DISTRIBUCIÓN, ETC.
Lugar de publicación, distribución, etc. México, D. F. :
Nombre del editor, distribuidor, etc. Unión Tipográfica Editorial Hispano Americana,
Fecha de publicación, distribución, etc. 1968.
300 ## - DESCRIPCIÓN FÍSICA
Extensión vii, 171 p. ;
Dimensiones 18 cm.
490 1# - MENCIÓN DE SERIE
Mención de serie Manual Uteha Breve. Educación
Designación de volumen o secuencia 381/17
534 ## - NOTA SOBRE LA VERSIÓN ORIGINAL
Encabezamiento principal del original [Título original en inglés] :
Mención de título del original Where to get and how to use free and inexpensive teaching aids
650 #4 - PUNTO DE ACCESO ADICIONAL DE MATERIA--TÉRMINO DE MATERIA
Término de materia o nombre geográfico como elemento de entrada Materiales de enseñanza
9 (RLIN) 36366
650 #4 - PUNTO DE ACCESO ADICIONAL DE MATERIA--TÉRMINO DE MATERIA
Término de materia o nombre geográfico como elemento de entrada Manuales de capacitación
9 (RLIN) 24087
700 1# - PUNTO DE ACCESO ADICIONAL--NOMBRE DE PERSONA
Nombre de persona Agut Armer, Vicente,
Término indicativo de función/relación tr.
9 (RLIN) 41657
700 1# - PUNTO DE ACCESO ADICIONAL--NOMBRE DE PERSONA
Nombre de persona Polner, Murray.
9 (RLIN) 48072
830 #0 - PUNTO DE ACCESO ADICIONAL DE SERIE-TÍTULO UNIFORME
Título uniforme Manual Uteha Breve.
Nombre de parte o sección de la obra Educación
Designación de volumen o secuencia 381/17
9 (RLIN) 48073
Holdings
Estado de retiro Estado de pérdida Restricciones de uso No para préstamo Código de colección Localización permanente Ubicación/localización actual Ubicación en estantería Fecha de adquisición Número de inventario Total de préstamos Signatura topográfica completa Código de barras Fecha visto por última vez Precio válido a partir de Tipo de ítem Koha Número de copia
    Préstamo interno   Monografías: Libros y Folletos General General En catalogación 06.12.2010 LF1   371.33 S296ó 23338-10 25.06.2020 25.06.2020 Préstamo interno  
    Préstamo interno Préstamo restrigido Monografías: Libros y Folletos General General En catalogación 06.12.2010 LF1   371.33 S296ó 23338-20 25.06.2020 25.06.2020 Préstamo interno e.2
    Préstamo interno   Monografías: Libros y Folletos General General En catalogación 15.02.2011 LF1   371.33 S296ó 23338-30 25.06.2020 25.06.2020 Préstamo interno e.3

Powered by Koha